É possv̕el reclamar das decisoes do r̤gó da execuȯ́ fiscal?

Bibliographic Details
Main Author: Leitó, Helder Martins
Format: Unknown
Language:English
Published: Portugal : Almeida & Leitó, 2007
Subjects:
Online Access:Acceso restringido

MARC

LEADER 00000ny a22000003n 4500
005 2011062203583.0
008 091223s2007 po 000 0 eng d
020 |a 9789727491445 
035 |a 1849 
040 |a BUS  |d vLex 
090 |c 1005  |d 1005 
100 1 |a Leitó, Helder Martins 
245 1 0 |a É possv̕el reclamar das decisoes do r̤gó da execuȯ́ fiscal?  |h [Recurso electrn̤ico]  |c Helder Martins Leitó  
256 |a Servicio en ln̕ea 
260 |a Portugal :  |b Almeida & Leitó,  |c 2007 
300 |a p. ;  |c cm 
506 1 |a Contenido solo disponible en los productos indicados  |d vLex Global  |d vLex Global (Academic Edition, excluding Law Schools)  |d vLex Global (U.S. Academic Edition, Law Schools)  |d vLex Global (U.S. Academic Edition, excluding Law Schools)  |d vLex Global (Academic Edition, Law Schools) 
650 0 4 |a Derecho fiscal 
650 0 4 |a Procedimiento de ejecucin̤  |z Portugal 
740 0 |a vLex Libros (Servicios en ln̕ea) 
856 4 0 |u http://vlex.com/source/1849  |z Acceso restringido 
942 |c BOOK